Every town in Sweden: Blekinge - Statistics

General Stats
  • This quiz has been taken 3 times
  • The average score is 4 of 21
Answer Stats
Municipality Letter Population City/Town % Correct
Ronneby R 21,048 Ronneby
100%
Ronneby B-H 2,016 Bräkne-Hoby
50%
Karlshamn K 23,803 Karlshamn
50%
Karlskrona K 72,142 Karlskrona
50%
Olofström O 9,312 Olofström
50%
Sölvesborg S 12,035 Sölvesborg
50%
Sölvesborg H 1,630 Hällevik
0%
Karlskrona H 1,975 Hasslö
0%
Karlskrona J 2,920 Jämjö
0%
Olofström J 1,843 Jämshög
0%
Ronneby K 5,539 Kallinge
0%
Olofström K 1,114 Kyrkhult
0%
Ronneby L 1,095 Listerby
0%
Sölvesborg M 1,447 Mjällby
0%
Karlshamn M 4,316 Mörrum
0%
Karlskrona N 3,527 Nättraby
0%
Sölvesborg N 1,008 Norje
0%
Karlskrona R 3,646 Rödeby
0%
Sölvesborg S 1,601 Sandviken
0%
Karlskrona S 1,509 Sturkö
0%
Karlshamn S 1,810 Svängsta
0%
No matching quizzes found
Score Distribution
Percent of People with Each Score
Percentile by Number Answered
Your Score History
You have not taken this quiz